000 00322nam a22001457a 4500
003 OSt
005 20220216140855.0
008 220216b |||||||| |||| 00| 0 eng d
020 _a0582327733
040 _cHU
082 _22nd
_a629.8
100 _aBolton
_928138
245 _aControl Engineering
942 _2ddc
_cBOOKS
_n0
999 _c30600
_d30600